000 00678nam a2200205Ia 4500
003 GCL
008 140319s9999 xx 000 0 ara d
040 _aGCL /
_cGCL
082 0 4 _a135.42
_bا ا
100 1 _aاسامة محمد العوضى
245 1 0 _aاحكام تفسير الرؤى والاحلام فى القران الكريم والسنة المطهرة /
_cاسامة محمد العوضى
260 _a[S.N] :
_bمكتبة السنة للنشر والتوزيع
300 _a78 ص
490 _a
650 0 4 _aالسيرة النبوية
650 0 4 _aالاحلام
650 0 4 _aالسنة النبوية
650 0 4 _aالقران
942 _2ddc
_cBK
999 _c55523
_d55523